Familias y bienestar en sociedades democráticas : el debate cultural del siglo XXI /

Bibliographic Details
Format: Libro
Language:English
Published: México Porrúa 2012

MARC

LEADER 00000cam a2200000 a 4500
001 033875
003 UAHC_CL
005 20170803123700.0
008 130925b xx j 000 1 eng
040 |a UAHC_CL  |c UAHC_CL  |d UAHC_CL 
245 1 0 |a Familias y bienestar en sociedades democráticas :  |b el debate cultural del siglo XXI /  |c Fernando Pliego Carrasco. 
260 |b Porrúa  |a México  |c 2012 
300 |a 394 p. 
900 |a FONDECYT 
942 |c BK 
952 |0 0  |1 0  |4 0  |6 FONDECYT  |7 0  |8 General  |9 64682  |a BC  |b BC  |c General  |d 2017-08-03  |l 0  |o FONDECYT  |p 119A  |q 2017-06-28  |r 2017-08-03 00:00:00  |t 1  |w 2017-08-03  |y BK 
999 |c 33875  |d 33875